| 000 | 00743cab a2200277 4500 | ||
|---|---|---|---|
| 001 | WB3247-11 | ||
| 008 | 090401t1996 xxu||||| |||| 00| 0 eng d | ||
| 035 | _a(Sirsi) u69332 | ||
| 041 | _aeng | ||
| 245 | _aShopping for a doctor | ||
| 260 | _c1996 | ||
| 350 | _a0 | ||
| 490 |
_aFinancial Times _v10 December 1996, 14(1) |
||
| 520 | _aAsda is the second retail group to announce plans to introduce doctors services in its stores. | ||
| 650 | _aASDA | ||
| 650 | _aDOCTORS' SURGERIES | ||
| 650 | _aHEALTHCARE | ||
| 650 | _aNHS | ||
| 650 | _aPHARMACY | ||
| 650 | _aRETAILING | ||
| 650 | _aSUPERMARKETS | ||
| 650 | _aSUPERSTORES | ||
| 690 | _aPROPERTY-COMMERCIAL PROPERTY-RETAIL PROPERTY | ||
| 942 | _n0 | ||
| 948 | _c04/03/1997 | ||
| 999 |
_c43546 _d43546 |
||